Orthographe ou Ortographe ? - Statistiques

Statistiques générales
  • Ce quiz a été pris 502 fois
    164 depuis la dernière actualisation
  • Le résultat moyen est 15 sur 19
Statistiques - réponses
Question Réponse % Correct
Evidamment ou Evidemment ? Evidemment
99%
Défense ou Défence ? Défense
98%
Acceuil ou Accueil ? Accueil
94%
Apeller ou Appeler ? Appeler
94%
Interressant ou Intéressant ? Intéressant
94%
Graffiti ou Graffitti ? Graffiti
88%
Certes ou Certe ? Certes
87%
Language ou Langage ? Langage
84%
Disonnance ou Dissonance ? Dissonance
82%
Cauchemar ou Cauchemard ? Cauchemar
80%
Hippopotame ou Hipoppotame ? Hippopotame
80%
Joujous ou Joujoux ? Joujoux
80%
Hormi ou Hormis ? Hormis
77%
Magazine ou Magasine ? Magazine
77%
Atterrir ou Aterrir ? Atterrir
76%
Trotinette ou Trottinette ? Trottinette
74%
Dilemme ou Dilemne ? Dilemme
73%
Fuchsia ou Fushia ? Fuchsia
52%
Moufle ou Mouffle ? Moufle
40%
Aucun quiz correspondant
Distribution des résultats
% des personnes avec chaque résultat
Percentile par nombre de réponses
Votre historique - résultats
Vous n’avez pas pris ce quiz depuis la dernière actualisation